[Event "Dortmund FSV op"]
[Site "Dortmund"]
[Date "2006.04.20"]
[Round "9"]
[White "Dieckmann, Rudolf"]
[Black "Dite, Alexander"]
[Result "1-0"]
[WhiteElo "1592"]
[BlackElo "1555"]
[PlyCount "55"]
[EventDate "2006.01.19"]
[EventType "swiss"]
[EventRounds "9"]
[EventCountry "GER"]
[SourceTitle "EXT 2007"]
[Source "ChessBase"]
[SourceDate "2006.11.23"]
[SourceVersion "1"]
[SourceVersionDate "2006.11.23"]
[SourceQuality "1"]

1. c4 e6 2. d4 d5 3. cxd5 exd5 4. Nc3 Nf6 5. g3 c6 6. Bg2 Bd6 7. Nf3 0-0 8. 0-0 Re8 9. Qc2 Nbd7 10. a3 Nf8 11. b4 a6 12. Re1 h6 13. Nh4 Be6 14. e4 dxe4 15. Nxe4 Nxe4 16. Bxe4 Bh3 17. Bb2 Rc8 18. Qc3 Nd7 19. Bf5 Bxf5 20. Nxf5 Bf8 21. Rxe8 Qxe8 22. Re1 Qd8 23. d5 cxd5 24. Nxh6+ Kh7 25. Nxf7 Rxc3 26. Nxd8 Rb3 27. Re2 b5 28. Ne6 1-0

[Event "Dortmund ABC Serie B-23"]
[Site "Dortmund"]
[Date "2005.05.04"]
[Round "5"]
[White "Dieckmann, Rudolf"]
[Black "Sonntag, Joachim"]
[Result "1-0"]
[WhiteElo "1483"]
[BlackElo "1768"]
[PlyCount "74"]
[EventDate "2005.04.15"]
[EventType "tourn"]
[EventRounds "11"]
[EventCountry "GER"]
[SourceTitle "EXT 2007"]
[Source "ChessBase"]
[SourceDate "2006.11.23"]
[SourceVersion "1"]
[SourceVersionDate "2006.11.23"]
[SourceQuality "1"]

1. d4 d5 2. c4 dxc4 3. Nc3 e5 4. dxe5 Qxd1+ 5. Kxd1 Be6 6. Nf3 Nc6 7. a3 Rd8+ 8. Kc2 Bc5 9. Bg5 Rd7 10. e3 Bf5+ 11. e4 Be6 12. Bh4 Bd4 13. Bg3 Nge7 14. Nb5 Bb6 15. Ng5 a6 16. Nxe6 fxe6 17. Nc3 Na5 18. Be2 Nec6 19. Rad1 Nd4+ 20. Kb1 0-0 21. Bg4 Rdd8 22. h4 c5 23. h5 h6 24. f4 Nac6 25. Bh4 Rde8 26. g3 Bc7 27. Be2 b5 28. Bg4 b4 29. Na4 bxa3 30. Nxc5 Rb8 31. Rh2 c3 32. Nxa6 a2+ 33. Ka1 c2 34. Bxe6+ Nxe6 35. Rxc2 Rb6 36. Nxc7 Nxc7 37. Rd6 Na5 1-0

[Event "Dortmund-ch"]
[Site "Dortmund"]
[Date "2005.03.03"]
[Round "3"]
[White "Dieckmann, Rudolf"]
[Black "Baier, Joerg"]
[Result "1-0"]
[WhiteElo "1573"]
[BlackElo "1401"]
[PlyCount "75"]
[EventDate "2005.02.28"]
[EventType "swiss"]
[EventRounds "9"]
[EventCountry "GER"]
[SourceTitle "CBM 105 Extra"]
[Source "ChessBase"]
[SourceDate "2005.05.01"]
[SourceVersion "1"]
[SourceVersionDate "2005.05.01"]
[SourceQuality "1"]

1. c4 e5 2. Nc3 Nf6 3. e4 Nc6 4. Nf3 Bc5 5. h3 a6 6. a3 0-0 7. d3 Re8 8. b4 Bf8 9. Bb2 Nd4 10. Nxd4 exd4 11. Ne2 Nxe4 12. dxe4 Rxe4 13. Bxd4 d5 14. cxd5 Qxd5 15. Be3 Qe5 16. Rc1 Bf5 17. Bc5 Bxc5 18. Rxc5 Qf6 19. g4 Be6 20. Bg2 Rd8 21. Qc1 Rxe2+ 22. Kxe2 c6 23. Rd1 Bxg4+ 24. hxg4 Re8+ 25. Kf1 Re2 26. Rf5 Qe7 27. Qc4 Re6 28. Qd4 g6 29. Qd8+ Kg7 30. Qxe7 Rxe7 31. Rf4 c5 32. bxc5 Rc7 33. Bd5 Rxc5 34. Rxf7+ Kh6 35. f4 Rc3 36. g5+ Kh5 37. Be6 Kh4 38. Rxh7+ 1-0

[Event "Dortmund ABC Aufstreber 14th"]
[Site "Dortmund"]
[Date "2000.11.10"]
[Round "7"]
[White "Dieckmann, Rudolf"]
[Black "Gegner, Michael"]
[Result "0-1"]
[WhiteElo "1581"]
[BlackElo "1556"]
[PlyCount "24"]
[EventDate "2000.??.??"]
[EventType "tourn"]
[EventRounds "11"]
[EventCountry "GER"]
[SourceTitle "EXT 2003"]
[Source "ChessBase"]
[SourceDate "2002.11.25"]
[SourceVersion "1"]
[SourceVersionDate "2002.11.25"]
[SourceQuality "1"]

1. d4 Nf6 2. c4 e5 3. dxe5 Ne4 4. Nf3 d6 5. exd6 Bxd6 6. h3 Nxf2 7. Qd4 Nxh1 8. Bf4 Nc6 9. Qe3+ Qe7 10. Qxe7+ Kxe7 11. Bg5+ f6 12. Bh4 Bg3+ 0-1